LEADER 01032nam a2200253 i 4500 001 000000140058 003 CaOOAMICUS 005 20050608000000.0 008 050608s1975 it u000 u ita u 013 $a114255 040 $aSeMil$bita 100 1 $aNairn, Tom.$0(OLS)http://semarc/name/56477 240 14$aThe Left Against Europe?.$0(OLS)http://semarc/title/204654 245 12$aL'Inghilterra di fronte all'Europa /$cTom Nairn. 260 $aTorino :$bGiulio Einaudi,$ccopyr. 1975. 300 $aVI, 202 p. ;$c18 cm. 490 0 $aSerie politica ;$v44 650 4$aMercato comune europeo - Associazione della Gran Bretagna.$0(OLS)http://semarc/subject/27570 830 0$aSerie politica ;$v44.$0(OLS)http://semarc/title/6902 850 $aSeMil 852 $aSeMil$W1$xVenegono$y1$m3N I 503$j93442$B93442$CSeMilBibl$Z2$F98853 $81 961 $aOmaggio: Altro 996 $6245$aL'Inghilterra di fronte all'Europa$9(OLS)http://semarc/title/204653 996 $6260$aTorino :$bGiulio Einaudi$9(OLS)http://semarc/publisher/29810 LEADER 00907nam a2200229 4500 001 000000335928 003 CaOOAMICUS 005 20190812100552.0 008 190809s1787 it 000 u ita r 026 $a6... i-to o.la Vede (3) 1787 (R) 040 $aSeMil$bita 245 00$aTomo 14. 264 1$aIn Pistoja :$bNella stamperia d'Atto Bracali,$c1787. 300 $a[4], 424 p. ;$c8° 500 $aSegn.: ?² A-2C? 2D? 752 $aIT$dPistoia 773 0 $tRaccolta di opuscoli interessanti la religione. Tomo 1. [-17.].$dIn Pistoja : Nella stamperia d'Atto Bracali, 1783-1790.$w()335914 850 $aSeMil 852 $aSeMil$W1$xVenegono$y1$m3X IV 14 FA$j215242$B227770$CSeMilBibl$Z2$F227770 $8I 996 $6245$aTomo 14$9(OLS)http://semarc/title/296686 996 $6264$aIn Pistoja :$bNella stamperia d'Atto Bracali$9(OLS)http://semarc/publisher/58463